Normas chilenas Especificaciones Técnicas

Guardat en:
Dades bibliogràfiques
Autor corporatiu: Instituto Nacional de Normalización (Autor)
Format: Llibre
Idioma:espanyol
Publicat: Santiago INN 1983
Matèries:
Etiquetes: Afegir etiqueta
Sense etiquetes, Sigues el primer a etiquetar aquest registre!

MARC

LEADER 00000nam a2200000 a 4500
001 UCV5901
003 CL-VaPUC
008 920727e19830000CL |||||||||||||||||spa|d
082 0 4 |a 690  |b INS  |2 21 
110 2 |a Instituto Nacional de Normalización  |e author  |9 300117 
245 1 0 |a Normas chilenas Especificaciones Técnicas 
246 1 0 |a NCh 1156-1 Of 77: Especificaciones técnicas para la construcción. Ordenación y designación de partidas. Parte I: Generalidades 
246 1 0 |a NCh 1156-2 Of 77: Especificaciones técnicas para la construcción. Ordenación y designación de partidas. Parte II: Gastos adicionales, obras provisionales y trabajos previos 
246 1 0 |a NCh 1156-3 Of 77: Especificaciones técnicas para la construcción. Ordenación y designación de partidas. Parte III: Obras de construcción 
246 1 0 |a NCh 1156-4 Of 77: Especificaciones técnicas para la construcción. Ordenación y designación de partidas. Parte IV: Instalaciones 
246 1 0 |a NCh 1156-5 Of 77: Especificaciones técnicas para la construcción. Ordenación y designación de partidas. Parte V: Obras complementarias 
300 |a 45 p 
942 |c BK 
945 |d 19920727 00:00:00 
260 |a Santiago  |b INN  |c 1983 
500 |a LIBROS 15 - 16 
650 0 |a Construcción  |9 260195 
650 0 |a Normalización  |9 262666 
650 7 |a NORMAS INGENIERIA  |2 CL-VaPUC  |9 260507 
650 7 |a EDIFICIOS ESPECIFICACIONES  |2 CL-VaPUC  |9 262733 
583 |a last modification  |c 19920727 00:00:00  |k Rodrigo Vera 
999 |c 212198  |d 212196 
952 |0 0  |1 0  |4 0  |6 690_000000000000000_INS_1983  |7 0  |8 X  |9 192798  |a BIBING  |b BIBING  |d 2019-11-14  |i 1712713  |o 690 INS 1983  |p 1712713  |r 2023-03-02  |w 2019-11-14  |y BK_X  |k CCL